Quotidiani più venduti in Italia - Statistics

Statistiche generali
  • Questo quiz è stato fatto 66 volte
  • Il punteggio medio è 8 su 16
Statistiche sulle risposte
Diffusione cartacea Città Quotidiano % Corretto
190 260 Roma la Repubblica
86%
226 453 Milano Corriere della Sera
83%
166 998 Milano La Gazzetta dello Sport
83%
145 734 Torino La Stampa
66%
98 813 Bologna il Resto del Carlino
64%
26 167 Milano Libero
57%
89 287 Roma Corriere dello Sport-Stadio
52%
36 717 Napoli Il Mattino
52%
59 698 Milano il Giornale
48%
55 550 Torino Tuttosport
48%
57 889 Roma il Fatto Quotidiano
47%
87 632 Milano Il Sole 24 Ore
41%
100 569 Roma Il Messaggero
34%
102 007 Milano Avvenire
22%
21 500 Milano La Verità
17%
26 499 Milano Italia Oggi
3%
Nessun quiz corrispondente trovato
Distribuzione punteggi
Percentuale di utenti per punteggio
Percentile per numero di risposta
I tuoi punteggi nel tempo
Non hai fatto questo quiz